Дело о языке преподавания в учебных заведениях девяти западных губерний

Доступно только в Электронных читальных залах Найти на картеНа карте
RUSMARC
00004082nmc2a22000003x 450
00154e7f941-db6b-495f-86e7-378a7fa88045
00520210128095611.0
100##$a20190911l19051911k l0rusy0189 ca
1010#$arus
102##$aRU
2001#$aДело о языке преподавания в учебных заведениях девяти западных губерний
$j30 июня 1905 г. - 4 января 1911 г.
251##$cДело
300##$aДело
300##$aОриг. заголовок дела: Дело по вопросу о языке преподавания в начальных училищах девяти западных губерний. 30 июня 1905 г. - 4 января 1911 г
801#0$aRU
$bРГИА
$c20190911
$gRCR
801#1$aRU
$bГлавНИВЦ
$c20190911
$2rusmarc
801#2$aRU
$bПБ им. Б.Н. Ельцина
$c20210128
$gRCR
$2rusmarc
850##$aРГИА
852##$aРГИА
$eФедеральное казенное учреждение "Российский государственный исторический архив" (РГИА)
$j27
937##$hРГИА
$d12324215
$aASBIBLIO_SCAN
462#0$100129968983-ece1-4fc5-96fc-cd1556eb6b58
$12001
$aДепартамент народного просвещения
$1251
$cОпись
$1852
$j173
461#0$1001a74412a3-3cc5-4d21-8f0a-dfe2fbd9e72d
$12001
$aДепартамент народного просвещения Министерства народного просвещения (1803-1917)
$1251
$cФонд
$1852
$j733
215##$a249 л.
$d36,5х26 см
371##$aДокумент не является опубликованным и широко распространяемым
105##$ay###
1222#$ad
5171#$aДело по вопросу о языке преподавания в начальных училищах девяти западных губерний. 30 июня 1905 г. - 4 января 1911 г
035##$a54e7f941-db6b-495f-86e7-378a7fa88045
856##$uhttp://readingroom.main.prlib.ru/item.aspx?id_node=n155522952&mode=full
Формат отображения